Reading architectural history (Record no. 103043)
[ view plain ]
| 000 -LEADER | |
|---|---|
| fixed length control field | 01237cam a2200301 4500 |
| 008 - FIXED-LENGTH DATA ELEMENTS--GENERAL INFORMATION | |
| fixed length control field | 030901n2002 000 0 eng u |
| 020 ## - INTERNATIONAL STANDARD BOOK NUMBER | |
| International Standard Book Number | 0415250501 |
| 035 ## - SYSTEM CONTROL NUMBER | |
| System control number | (Sirsi) u123438 |
| 041 ## - LANGUAGE CODE | |
| Language code of text/sound track or separate title | eng |
| 050 ## - LIBRARY OF CONGRESS CALL NUMBER | |
| Classification number | 720.9 |
| -- | 18 |
| 100 ## - MAIN ENTRY--PERSONAL NAME | |
| Personal name | Arnold, Dana |
| 245 ## - TITLE STATEMENT | |
| Title | Reading architectural history |
| 260 ## - PUBLICATION, DISTRIBUTION, ETC. | |
| Place of publication, distribution, etc. | London |
| Name of publisher, distributor, etc. | Routledge |
| Date of publication, distribution, etc. | 2002 |
| 300 ## - PHYSICAL DESCRIPTION | |
| Extent | xvii, 229p. |
| Other physical details | ill. |
| Dimensions | 25cm. |
| 350 ## - PRICE (NR) (BK AM CF MU VM SE) [OBSOLETE] | |
| Price | 21 |
| 505 ## - FORMATTED CONTENTS NOTE | |
| Formatted contents note | Reading the past: what is architectural history? |
| 505 ## - FORMATTED CONTENTS NOTE | |
| Formatted contents note | The authority of the author: biography and the reconstruction of the canon |
| 505 ## - FORMATTED CONTENTS NOTE | |
| Formatted contents note | On classical ground: histories of style |
| 505 ## - FORMATTED CONTENTS NOTE | |
| Formatted contents note | A class performance: social histories of architecture |
| 505 ## - FORMATTED CONTENTS NOTE | |
| Formatted contents note | The illusion of inclusion: the guidebook and historic architecture |
| 505 ## - FORMATTED CONTENTS NOTE | |
| Formatted contents note | Reading architectural herstories: the discourses of gender |
| 520 ## - SUMMARY, ETC. | |
| Summary, etc. | A selection of essays and texts examining the historiographic and socio/cultural implications of the mapping of British architectural history, with particular reference to 18th and 19th century Britain. Bibliography. |
| 650 ## - SUBJECT ADDED ENTRY--TOPICAL TERM | |
| Topical term or geographic name entry element | ARCHITECTURAL HISTORY |
| 650 ## - SUBJECT ADDED ENTRY--TOPICAL TERM | |
| Topical term or geographic name entry element | ARCHITECTURE |
| 650 ## - SUBJECT ADDED ENTRY--TOPICAL TERM | |
| Topical term or geographic name entry element | HISTORIC BUILDINGS |
| 690 ## - LOCAL SUBJECT ADDED ENTRY--TOPICAL TERM (OCLC, RLIN) | |
| Topical term or geographic name as entry element | BUILT ENVIRONMENT-CONSTRUCTION DESIGN |
| 942 ## - ADDED ENTRY ELEMENTS (KOHA) | |
| Suppress in OPAC | 0 |
| Withdrawn status | Lost status | Source of classification or shelving scheme | Damaged status | Not for loan | Home library | Current library | Shelving location | Date acquired | Cost, normal purchase price | Total Checkouts | Full call number | Barcode | Date last seen | Date last checked out | Copy number | Cost, replacement price | Price effective from | Koha item type |
|---|---|---|---|---|---|---|---|---|---|---|---|---|---|---|---|---|---|---|
| Other/Generic Classification Scheme | London | London | Books | 11/09/2003 | 21.00 | 8 | 720.9 ARN | 30067713 | 06/08/2019 | 21/10/2009 | 1 | 21.00 | 06/08/2019 | Book |